Pays visités par les assassins dans la licence assassin's creed - Statistiques

Statistiques générales
  • Ce quiz a été pris 374 fois
    103 depuis la dernière actualisation
  • Le résultat moyen est 33 sur 48
Statistiques - réponses
Jeux Pays % Correct
France
99%
France
99%
Assassin's creed Unity France
99%
France
99%
Assassin's creed III Royaume-Uni
96%
Royaume-Uni
96%
Assassin's creed Syndicate Royaume-Uni
96%
Assassin's creed Valhalla Royaume-Uni
96%
Assassin's creed Origins Egypte
93%
Assassin's creed II Italie
93%
Assassin's creed Brotherhood Italie
93%
Assassin's creed shadow Japon
93%
Assassin's creed Odyssey Grèce
91%
Etats-Unis
90%
Etats-Unis
90%
Etats-Unis
90%
Norvège
84%
Chine
79%
Espagne
76%
Russie
76%
Assassin's creed Révélation Turquie
76%
Canada
74%
Assassin's creed rogue Canada
74%
Canada
74%
Israël
73%
Assassin's creed mirage Irak
71%
Assassin's creed IV black flag Cuba
70%
Irlande
70%
inde
68%
Asssassin's creed I Syrie
66%
Syrie
66%
Mexique
64%
Mexique
64%
Jamaïque
60%
Portugal
59%
Arabie saoudite
53%
Haïti
44%
Bahamas
41%
Libye
39%
Vatican
39%
Vatican
39%
Colombie
33%
Honduras
30%
Belize
24%
Belize
24%
Assassin's creed chronicles Afghanistan
23%
Pakistan
23%
Sao tomé-et-principe
9%
Aucun quiz correspondant
Distribution des résultats
% des personnes avec chaque résultat
Percentile par nombre de réponses
Votre historique - résultats
Vous n’avez pas pris ce quiz depuis la dernière actualisation